Logo BPK

Biblioteka

Politechniki Koszalińskiej

Essential English dictionary / (Rekord nr 29350)

Szczegóły MARC
000 -ETYKIETA REKORDU
podpole kontrolne o stałej długości 00826nam a2200241 i 4500
001 - NUMER KONTROLNY REKORDU
pole kontrolne 29350
003 - IDENTYFIKATOR NUMERU KONTROLNEGO REKORDU
podpole kontrolne KOSZ 005
005 - DATA OSTATNIEJ MODYFIKACJI REKORDU
podpole kontrolne 20180920122638.0
008 - POLE O STAŁEJ DŁUGOŚCI - DANE KONTROLNE
podpole kontrolne o stałej długości 990506s1988 xxka |000 0 eng
020 ## - MIĘDZYNARODOWY ZNORMALIZOWANY NUMER KSIĄŻKI - ISBN
ISBN 0003750221
035 ## - NUMER SYSTEMOWY
Numer systemowy przejętego rekordu (OCoLC)830234679
040 ## - ŹRÓDŁO KATALOGOWANIA
Instytucja, która sporządziła opis WA N
Instytucja, która utworzyła rekord WA N
Instytucja, która dokonała modyfikacji KOSZ 005/HR
046 ## - DATY KODOWANE
Pojedyncza data lub początek okresu powstania dzieła lub zbioru dzieł 1988
999 ## - SYSTEM CONTROL NUMBERS (KOHA)
Koha Dewey Subclass [OBSOLETE] xxx
999 ## - SYSTEM CONTROL NUMBERS (KOHA)
Koha Dewey Subclass [OBSOLETE] asto
245 00 - TYTUŁ/ODPOWIEDZIALNOŚĆ
Tytuł Essential English dictionary /
Pozostałe elementy strefy tytułu i oznaczenia odpowiedzialności [ed. in chief John Sinclair] ; Collins ; COBUILD Collins Birmingham University International Language Database.
260 ## - STREFA ADRESU WYDAWNICZEGO
Miejsce wydania London ;
-- Glasgow :
Nazwa wydawcy/dystrybutora Collins,
Data publikacji, dystrybucji/powstania dokumentu 1989.
300 ## - STREFA OPISU FIZYCZNEGO
Objętość XII, 948 s. :
Inne cechy fizyczne il. ;
Rozmiary 23 cm.
380 ## - FORMA I TYP PUBLIKACJI
Forma i typ publikacji Książki
700 1# - HASŁO DODATKOWE - NAZWA OSOBOWA
Nazwa osobowa Sinclair, John McHardy
Daty związane z nazwą (1933-2007).
Określenie związku między hasłem a opisywanym materiałem Redakcja
856 ## - LOKALIZACJA I DOSTĘP DO ELEKTRONICZNYCH DOKUMENTÓW ZDALNYCH
Link (URL) http://koha.tu.koszalin.pl/cgi-bin/koha/opac-detail.pl?biblionumber=29350
Tekst linku Katalog online BPK
942 ## - DODATKOWE ELEMENTY (KOHA)
Schemat klasyfikacji Uniwersalna Klasyfikacja Dziesiętna
Typ dokumentu Książka
Egzemplarze
Wycofany Status egzemplarza Uszkodzony Dostępność Lokalizacja stała Lokalizacja bieżąca Miejsce przechowywania Sygnatura Kod kreskowy Dział Typ dokumentu
      Tylko na miejscu Biblioteka Politechniki Koszalińskiej Biblioteka Politechniki Koszalińskiej Czytelnia Wydziałowa ul. Kwiatkowskiego 6e 35498 02187112 811.111(03) Język angielski - encyklopedie, słowniki Książka
© 2023 Biblioteka Politechniki Koszalińskiej :: KOHA